| 000 | 00415 a2200169 4500 | ||
|---|---|---|---|
| 001 | 73108 | ||
| 020 | _a9788508116348 | ||
| 040 | _cAnchieta - Colégio São Paulo | ||
| 100 | _aPécora, Marlene | ||
| 240 | 1 | 0 |
_aAprendendo sempre: Geografia, 5º ano _lpor |
| 245 | 1 | 0 | _aAprendendo sempre: Geografia, 5º ano |
| 300 | _a160 | ||
| 362 | 0 | _a2008 | |
| 440 | 1 | _aÁtica | |
| 650 | 4 | _aGeografia e viagens | |
| 942 | _cBK | ||
| 999 |
_c73108 _d73108 |
||